Essais sur l'histoire des belles lettres, des sciences et des arts

Kaydedildi:
Detaylı Bibliyografya
Yazar: Carlencas, Juvenel de (Yazar)
Materyal Türü: Kitap
Dil:Fransızca
Baskı/Yayın Bilgisi: París Alton 1700
Konular:
Etiketler: Etiketle
Etiket eklenmemiş, İlk siz ekleyin!

MARC

LEADER 00000nam a2200000 a 4500
001 UCH8870
003 CL-VaPUC
008 091217e17000000FR |||||||||||||||||fre|d
082 0 4 |a 844  |b CAR  |2 21 
100 0 |a Carlencas, Juvenel de  |e author  |9 545589 
245 1 0 |a Essais sur l'histoire des belles lettres, des sciences et des arts 
300 |a t 
942 |c BK 
945 |d 20091217 00:00:00  |a rbrito 
260 |a París  |b Alton  |c 1700 
650 0 |a Ensayos franceses  |9 265511 
650 0 |a Literatura francesa  |9 266330 
583 |a last modification  |c 20091217 00:00:00  |k Rodrigo Vera 
999 |c 338951  |d 338949 
952 |0 0  |1 0  |4 0  |6 844_000000000000000_CAR_1700  |7 0  |8 X  |9 432258  |a FDOBUD  |b FDOBUD  |d 2019-11-22  |h t.1  |i 4617207  |o 844 CAR 1700  |p 4617207  |r 2019-11-22  |w 2019-11-22  |y BK_X  |k BUD